Score 0/16 Timer 01:30
0 Plays Today
Hint 4-Letter word % Correct
Perceive by touchFEEL
95.5%
Of great heightTALL
95.5%
A place with many shopsMALL
95.2%
Tumbled downFELL
95.1%
Having X and Y chromosomesMALE
94.3%
Post a letterMAIL
94.2%
UnrestrainedFREE
94%
Units of lengthFEET
93.9%
Hint 4-Letter word % Correct
Forest growthTREE
93.7%
Female horseMARE
93.1%
Follow closely♥ TAIL ♥
92.4%
Bluffer's giveaway♥ TELL ♥
91.9%
Feel or express worryFRET
91.7%
Shakespearean 'you'♥ THEE ♥
91.3%
Tortoise racerHARE
90.6%
A male deer♥ HART ♥
63.6%

Today's Daily Dose

Remove Ads.
Support Sporcle.
Get the best of Sporcle when you Go Orange. This ad-free experience offers more features, more stats, and more fun while also helping to support Sporcle. Thank you for becoming a member.

You're not logged in!

Compare scores with friends on all Sporcle quizzes.
OR
Log In

Show Comments

Extras

Top Quizzes Today


Score Distribution

Your Account Isn't Verified!

In order to create a playlist on Sporcle, you need to verify the email address you used during registration. Go to your Sporcle Settings to finish the process.

Report this User

Report this user for behavior that violates our Community Guidelines.

Details: